000 00470nam a2200181Ia 4500
001 19886
005 20260306172725.0
008 260306t2006||||xx |||||||||||||| ||spa||
041 _aESP
082 _a341.4
_bA37I
100 _aAlchourrón, Carlos E.
_eAUT
245 0 _aIntroducción a la metodología de las ciencias jurídicas y sociales
260 _c2006
300 _a277 páginas :
_c23 cm.
650 _aGEN
654 _aCDE
942 _cLIB
_dJUS
_fJUS
_2ddc
_n
999 _c19886
_d19886